02360agaaa2200301 45000010005000000030009000050050017000140070009000310080040000400400023000800410013001031000045001161300034001612450196001952500022003912600126004133000034005395080199005735110082007725200882008545380016017365460013017526500056017657000055018217000057018767000063019337000062019961598IT-RoPAU20220918181224.0d cvaizq50131s9999||||xx ||| | || ||und|| aIT-RoPAUcIT-RoPAU aITALIANO aSerra GiannigCodice regista SPICS: 1648 aRAGAZZA DI VIA MILLELIRE (LA) aRAGAZZA DI VIA MILLELIRE (LA)cProdotto da: Rai -- Sceneggiatura: Sherman Thomas Serra Gianni -- Diretto da: Serra GiannipRAGAZZA DI VIA MILLELIRE (LA) (Rif. Codice opera principale : 21598) aEdizione Standard aROMA (ITALIA)bRAI - RADIO TELEVISIONE ITALIANA / Distribuzione: RAI DUEg"1982 (1° ed.: 1983 ; Ed. Lingua Orig.: 1982)" aVHSbsonoro, col.c110 minuti a"Fotografia: Di Palma Dario; Montaggio: Di Mauro Maria; Musica: Bacalov Luis; Sceneggiatura: Sherman Thomas Serra Gianni; Scenografia: Calamo Silvestro; Soggetto: Sherman Tomaso -- Serra Gianni" a"Conforti Oria; Monti Maria; Orlando Mario; Policaro Lisa; Signorile Roberto" a"BETTY TREDICENNE IMMIGRATA DAL SUD E RESIDENTE NELLA CINTURA TORINESE DELLA DISGREGAZIONE SOCIALE E MORALE NELLA MALFANATA VIA MILLELIRE HA ALLE SPALLE UNA FAMIGLIA IN SFACELO: MADRE AMBULANTE UNA COVATA A NON FINIRE DI FRATELLI E SORELLE DI CUI UNO SEMIDEFICIENTE E IL PADRE IN CARCERE INTORNO UN AMBIENTE IN DEGRADO: DROGA VIOLENZA PROSTITUZIONE LA RAGAZZA VA E VIENE IN QUESTO AMBIENTE FUGGENDO PERPETUAMENTE: DALLA FAMIGLIA DALLE BREVI RELAZIONICON GIOVANI SBANDATI E PRIVI DI SCRUPOLI DAI ""CENTRI D'INCONTRO"" E DAI RIFORMATORI E' IRREQUIETA SFORTUNATA IRRESPONSABILE IL SUO CONTINUO FUGGIRE E'SCANDITO DA RICORRENTI RITORNI A UNO SQUALLIDO CENTRO SOCIALE E A UNA ANNOIATA E RASSEGNATA ASSISTENTE SOCIALE CHE TUTTAVIA QUALCOSA TENTA DI FARE PER RADDRIZZARLA MA INUTILMENTE IL FILM SI CHIUDE AMARO SULL'ENNESIMA FUGA DIBETTY E SU OGNI SPIRAGLIO DI SPERANZA FILM A COLORI" aPAL, STEREO aITALIANO aDRAMMATICOeFILMS [VHS]xCodice MATERIA SPICS: 9960 aBacalov Luise(musica)gCodice Musica SPICS: 21505 aSerra Gianni e(regista)gCodice regista SPICS: 1648 aSerra Gianni e(soggetto)gCodice Soggetto 2° SPICS: 1648 aSherman Tomaso e(soggetto)gCodice Soggetto SPICS: 29821